Vidas novas (Registo nº 27392)

Detalhes MARC
000 -Etiqueta do registo
campo de controlo de comprimento fixo 006120000a22001930004500
001 - Identificador do registo
Campo de controlo 27392
010 ## - ISBN
Número (ISBN) 978-972-21-1849-1
100 ## - Dados Gerais de Proc.
Dados gerais de processamento 20070626d2007 m y0pory5003 ba
101 0# - Língua da publicação
Língua do texto, banda sonora, etc. Português
102 ## - País de Publicação
País de publicação Portugal
200 1# - Título
Título próprio Vidas novas
Informação de outro título estórias
Primeira menção de responsabilidade José Luandino Vieira
210 ## - Publicação, Distribuição
Lugar da edição, distribuição, etc. Lisboa
Nome do editor, distribuidor, etc. Caminho
Data da publicação, distribuição, etc. 2007
215 ## - Descrição física
Descrição física 126 p
225 2# - Colecção
Título próprio da colecção Outras margens
Nome de uma parte ou secção Autores estrangeiros de língua portuguesa
Indicação de volume 60
675 ## - CDU
Notação 821.134.3(673)-34"19"
Edição BN
Língua da edição Português
700 #1 - Responsabilidade principal
Palavra de ordem Vieira
Outra parte do nome José Luandino
Elementos de identificação ou distinção Pseud.
090 ## - Números de controlo do sistema (Koha)
Número biblioitem do Koha (gerado automaticamente) 27392
942 ## - Elementos de entrada adicionados (Koha)
Tipo de item no Koha Monografias
Suprimido Disponível no OPAC
999 ## - Campo local
Campo local 27392
-- Bibliobase - BMTAV
-- 2019-01-21
Exemplares
Removido (estado) Perdido (estado) Data de aquisição Origem do registo (biblioteca) (codificado) Código da organização que empresta ou é detentora (biblioteca) Código de barras Local Número de inventário Cota Tipo de circulação (não pode ser emprestado) Tipo de item e material
Disponível Disponível 2007-06-26 Biblioteca Municipal Álvaro de Campos Biblioteca Municipal Álvaro de Campos BMTAV45144 Sala de Adultos 45144 R4 VIE Normal Monografias